000 00830nam a2200265Ia 4500
005 20260601193251.0
008 260601s9999||||xx |||||||||||||| ||und||
020 _a978-3-031-67008-4
_qebk
100 _aDmitry I. Ignatov
245 0 _aRecent Trends in Analysis of Images, Social Networks and Texts
250 _a2024
260 _aHeidelberg, Germany
_bSpringer Nature
_c2024
440 _aCommunications in Computer and Information Science
650 _aComputer Science
700 _aAlexander Panchenko
700 _aAndrey Kutuzov
700 _aHabet Madoyan
700 _aIlya Makarov
700 _aIrina Nikishina
700 _aMaxim Panov
700 _aMichael Khachay
700 _aPanos M. Pardalos
856 _uhttps://link.springer.com/openurl?genre=book&isbn=978-3-031-67008-4
942 _cEB
_2ddc
999 _c56714
_d56714